NHL Goal Horn Songs Quiz - Statistics

General Stats
  • This quiz has been taken 88 times
  • The average score is 10 of 29
Answer Stats
Team - Artist Song % Correct
Calgary Flames - AC/DC T.N.T.
69%
Chicago Blackhawks - The Fratellis Chelsea Dagger
59%
New Jersey Devils - The Gaslight Anthem Howl
59%
Boston Bruins - Zombie Nation Kernkraft 400
54%
Columbus Blue Jackets - AC/DC + Locksley For Those About to Rock (We Salute You)/The Whip
52%
Ottawa Senators - Blur Song 2
52%
Arizona Coyotes - The Black Keys Howlin' for You
51%
Vegas Golden Knights - Panic! at the Disco Vegas Lights
49%
Nashville Predators - Tim McGraw + The Black Keys I Like It, I Love It/Gold on the Ceiling
48%
Anaheim Ducks - Pennywise Bro Hymn
43%
Pittsburgh Penguins - House of Pain Jump Around
41%
Florida Panthers - Jimmy Eat World Sweetness
41%
Toronto Maple Leafs - Hall & Oates You Make My Dreams
39%
Minnesota Wild and NY Islanders - Joe Satriani Crowd Chant
33%
Montréal Canadiens - Antoine Becks Hey
28%
New York Rangers - Ray Castoldi Slapshot
25%
San Jose Sharks - 2 Unlimited Get Ready For This
23%
Edmonton Oilers - Rev Theory Hell Yeah
23%
Carolina Hurricanes - Petey Pablo Raise Up
23%
St. Louis Blues - Traditional Song + The Urge When the Saints Go Marching In/The Blues Have the Urge Goal Song
23%
Vancouver Canucks - Van Halen Aint Talkin' Bout Love
21%
Colorado Avalanche - Planet Funk Chase the Sun
21%
Winnipeg Jets - The Phantoms Gonna Celebrate
20%
Buffalo Sabres - DJ Kool Let Me Clear My Throat
20%
Detroit Red Wings - MAKJ & Timmy Trumpet ft. Andrew W.K. Party Till We Die
20%
Dallas Stars - Pantera Puck Off
20%
Tampa Bay Lightning - Mona Goons (Baby, I Need It All)
18%
Los Angeles Kings - Fred Coury Power Ride 2010
15%
Philadelphia Flyers - Jetboy Feel the Shake
13%
No matching quizzes found
Score Distribution
Percent of People with Each Score
Percentile by Number Answered
Your Score History
You have not taken this quiz